00485nam a2200193Ia 4500008004100000020001800041245001100059245003100070245002500101260001500126260001600141260000900157300001500166300002500181300001000206440004700216500000900263999001900272170705s9999 xx 000 0 und d a9780531220108 aToys : bfrom concept to consumer / cby Kevin Cunningham. aNew York : bScholastic, c2013 a64 pages : bcolor illustration ; c23cm. aCalling all innovators : a career for you. a1100 c337045d337045